Humanismo y socialismo [ (Record no. 139714)

MARC details
000 -LEADER
campo de control de longitud fija 01004nam a2200241 i 4500
001 - NÚMERO DE CONTROL
campo de control 139714
003 - IDENTIFICADOR DE NÚMERO DE CONTROL
campo de control ES-MaACL
005 - FECHA Y HORA DE LA ÚLTIMA TRANSACCIÓN
campo de control 20250727062611.0
007 - CAMPO FIJO DE DESCRIPCIÓN FÍSICA--INFORMACIÓN GENERAL
campo de control de longitud fija t|
008 - DATOS DE LONGITUD FIJA--INFORMACIÓN GENERAL
campo de control de longitud fija 191031q2004 sp s |||| | spa d
100 1# - ENTRADA PRINCIPAL--NOMBRE DE PERSONA
Nombre de persona Espinar Lafuente, Francisco.
9 (RLIN) 47847
245 10 - MENCIÓN DEL TÍTULO
Título Humanismo y socialismo [
Medio Recurso electrónico]
Resto del título : conferencia con coloquio : guión, Ateneo de Madrid, 8 enero 2004 /
Mención de responsabilidad, etc. Francisco Espinar Lafuente.
260 ## - PUBLICACIÓN, DISTRIBUCIÓN, ETC.
Lugar de publicación, distribución, etc. [Madrid :
Nombre del editor, distribuidor, etc. Ateneo de Madrid,
Fecha de publicación, distribución, etc. 2004]
300 ## - DESCRIPCIÓN FÍSICA
Extensión [8 p. ;
Dimensiones 30 cm]
594 ## - Nota al título y mención de responsabilidad
Nota al título y mención de responsabilidad Conferencia pronunciada por el autor en el Ateneo de Madrid, cuyo texto donó a la Biblioteca.
610 24 - PUNTO DE ACCESO ADICIONAL DE MATERIA--NOMBRE DE ENTIDAD CORPORATIVA
Nombre de entidad corporativa o nombre de jurisdicción como elemento de entrada Ateneo de Madrid-
Subdivisión de forma Conferencias-
Subdivisión cronológica 2000-
9 (RLIN) 168597
610 24 - PUNTO DE ACCESO ADICIONAL DE MATERIA--NOMBRE DE ENTIDAD CORPORATIVA
Nombre de entidad corporativa o nombre de jurisdicción como elemento de entrada Ateneo de Madrid-
Subdivisión de forma Obras digitalizadas.
9 (RLIN) 1930
650 04 - PUNTO DE ACCESO ADICIONAL DE MATERIA--TÉRMINO DE MATERIA
Término de materia o nombre geográfico como elemento de entrada Humanismo (Filosofía)
9 (RLIN) 13505
650 07 - PUNTO DE ACCESO ADICIONAL DE MATERIA--TÉRMINO DE MATERIA
Término de materia o nombre geográfico como elemento de entrada Socialismo
Fuente del encabezamiento o término embne
9 (RLIN) 17147
710 2# - ENTRADA AGREGADA--NOMBRE DE ENTIDAD CORPORATIVA
Nombre de entidad corporativa o nombre de jurisdicción como elemento de entrada Ateneo de Madrid.
9 (RLIN) 1875
856 ## - LOCALIZACIÓN Y ACCESO ELECTRÓNICOS
Identificador Uniforme de Recursos <a href="https://www.ateneodemadrid.com/old/biblioteca_digital/folletos/Edpr-002.pdf">https://www.ateneodemadrid.com/old/biblioteca_digital/folletos/Edpr-002.pdf</a>
Nota pública Ver documento
Holdings
Estatus retirado Estado de pérdida Estado de daño No para préstamo Colección Biblioteca de origen Biblioteca actual Ubicación en estantería Fecha de adquisición Fuente de adquisición Total de préstamos Signatura topográfica completa Código de barras Visto por última vez Precio de reemplazo Tipo de ítem Koha
        Colección digital Biblioteca del Ateneo de Madrid Biblioteca del Ateneo de Madrid Depósito 04/11/2019     Recurso electr�nico 1201225 23/02/2023 23/02/2023 Archivo de ordenador en CD-ROM, CD o disquete